zpět

Detail výsledku týmu

Rockle Klub, České Budějovice

Datum a čas kvízu

37 Celkem bodů Celkový počet nahraných bodů na tomto kvízu bez doplňovacích otázek.
4. Pořadí na kvízu Konečné umístění týmu na tomto kvízu.

Zaznamenané odpovědi

# Otázka Odpověď Body Výsledky
1. Tento týden samozřejmě nesmí c... Dagmar Hájková 0
2. Minulý týden se na internetu o... vysokozdvižný vozík (ještěrku) 0
3. V noci ze středy na čtvrtek by... Jimmy Kimmel 1
4. Společnost China Eastern Airli... Buenos Aires 1
5. Švédský atletický fenomén Arma... 630 cm 1
6. Ve spolupráci s Radou Evropy j... 1D 2C 3A 4B 1
7. Pokud vám prozradíme, že červe... július 1
8. Jak se na V jmenuje autonomní... Vojvodina 1
9. Která z těchto knih nebyla nap... A 1
10. Pozoruhodným jazykem je velšti... slunéčko (beruška) 0